| 000 | 00588nam a2200157 4500 | ||
|---|---|---|---|
| 008 | 160921b xxu||||| |||| 00| 0 eng d | ||
| 022 | _a16565649 | ||
| 082 | _aDPer 303.405 H22 May-Sept 2015 n. 6-10 | ||
| 100 |
_915089 _aWong, Marcus |
||
| 245 |
_aOf selfies and wefies: _btales from cp + 2015, or how the awkward self-portrait is dominating digital photography culture/ _cMarcus Wong. |
||
| 260 |
_aQuezon City: _bHardware Zone Phils. Corp., _cc2015. |
||
| 300 |
_av11 n16, pages 78-81; _c30 cm. |
||
| 500 | _aHWM Philippines. | ||
| 650 | 0 |
_915090 _aPhotography |
|
| 942 |
_2ddc _cPER |
||
| 999 |
_c4757 _d4757 |
||